000 00719nam a22002055i 4500
001 168961
003 ES-MaACL
005 20230906213941.0
008 080707s1992 sp |||| | spa d
080 _a929 Hoyos Sainz, Luis de
100 1 _aOrtiz García, Carmen.
_987620
245 1 0 _aLuis de Hoyos Sainz
_b: fundador del Museo del Pueblo Español /
_cCarmen Ortiz García.
260 _a[Madrid :
_bs.n.,
_c1992]
300 _ap. 147-168 ;
_c24 cm.
500 _aSeparata de Anales del Museo del Pueblo Español. Tomo IV, 1992.
600 1 4 _aHoyos Sáinz, Luis de,
_d1868-1951
_964437
610 2 _aMuseo del Pueblo Español.
_95870
852 _aES-MaACL
_j2232-F-1
_9R.142839
999 _c168961
_d168961